Computer-based instruction : a state-of-the-art assessment
Αποθηκεύτηκε σε:
| Άλλοι συγγραφείς: | |
|---|---|
| Μορφή: | Βιβλίο |
| Γλώσσα: | English |
| Δημοσίευση: |
New York :
Academic Press,
1981
|
| Σειρά: | Educational technology series
|
| Θέματα: | |
| Ετικέτες: |
Προσθήκη ετικέτας
Δεν υπάρχουν, Καταχωρήστε ετικέτα πρώτοι!
|
MARC
| LEADER | 00000nam a2200000 i 4500 | ||
|---|---|---|---|
| 001 | 1/77674 | ||
| 008 | 980821s1981 eng d | ||
| 020 | |a 0-12-526760-6 | ||
| 035 | |l 10032724 | ||
| 035 | |a 1988 |b 3 |c Ανθουλιάς | ||
| 040 | |a GR-MY-UA |b gre |e aacr | ||
| 041 | 0 | |a eng | |
| 082 | 0 | |a 371.39445 |2 (19) | |
| 245 | 1 | 0 | |a Computer-based instruction : |b a state-of-the-art assessment / |c edited by Harold F. O'Neil, Jr |
| 260 | |a New York : |b Academic Press, |c 1981 | ||
| 300 | |a xii, 260 p.; |c 24 cm | ||
| 490 | 1 | |a Educational technology series | |
| 504 | |a Includes bibliographies and indexes | ||
| 650 | 0 | 0 | |a Computer managed instruction. |
| 650 | 0 | 0 | |a Speeches, addresses, etc. |
| 700 | 1 | |a O'Neil, Harold F. |d 1943- |4 edt | |
| 830 | 0 | |a Educational technology series | |
| 852 | |a INST |b RHODES |e 19980821 |h 371.39445 COM |p 005400003565 |q 005400003565 |t BK |y 0 | ||
| 909 | |a Ρ |b 013002 |c 1988 | ||